000 00418nam a2200157Ia 4500
008 230917s9999||||xx |||||||||||||| ||und||
040 _e119934
_aMAIN
041 _aEnglish
082 _a519.5 G643O
100 _aGun, A M
245 0 _aOutline of statistical theory. V1- Probability and probability distributions
250 _a4th ed.
260 _aKolkata
_bWorld Press
_c2003
300 _a711 p.
942 _cBK
999 _c142365
_d142365